000 00671nam a2200205Ia 4500
003 IN-BaIIA
008 211028s9999 xx 000 0 eng d
020 _a978-3-642-03836-5
040 _cIIA Library
080 _a530.12
_bTSA
100 _aTsamparlis, Michael
_934150
245 0 _aSpecial relativity: an introduction with 200 problems and solutions
_cMichael Tsamparlis
260 _aHeidelberg
_bSpringer
_c2010
300 _axvii, 595p.
650 _aFource-acceleration
_934151
650 _aNewtonian physics
_934152
650 _aRelativistic kinematics
_934153
650 _aRelativity principle
_931007
942 _cBK
999 _c17947
_d17947